El método documental
Tallennettuna:
| Päätekijä: | |
|---|---|
| Aineistotyyppi: | Kirja |
| Kieli: | espanja |
| Julkaistu: |
Buenos Aires
Manantial
2013
|
| Painos: | 1a. ed |
| Aiheet: | |
| Tagit: |
Lisää tagi
Ei tageja, Lisää ensimmäinen tagi!
|
MARC
| LEADER | 00000cam a2200000 a 4500 | ||
|---|---|---|---|
| 001 | UCE2742 | ||
| 003 | CL-VaPUC | ||
| 008 | 140724e20130000ag |||||||||||||||||spa|d | ||
| 020 | |a 9789875001725 | ||
| 082 | 0 | 4 | |a 801 |b CES |2 21 |
| 100 | 0 | |a Cesar, Ana Cristina |e author |9 575318 | |
| 245 | 1 | 3 | |a El método documental |
| 250 | |a 1a. ed | ||
| 300 | |a 191 p | ||
| 942 | |c BK | ||
| 945 | |d 20140724 10:48:00 |a dcastane | ||
| 260 | |a Buenos Aires |b Manantial |c 2013 | ||
| 650 | 0 | |a Teoría literaria |9 342621 | |
| 650 | 0 | |a Filosofía de la literatura |9 267374 | |
| 583 | |a last modification |c 20140724 10:48:00 |k Rodrigo Vera | ||
| 999 | |c 356317 |d 356315 | ||
| 952 | |0 0 |1 0 |3 erb |4 0 |6 801_000000000000000_CES_2013 |7 0 |8 A |9 463587 |a BIBEDU |b BIBEDU |i 5091233 |o 801 CES 2013 |p 5091233 |r 2019-11-23 |w 2019-11-23 |y BK |z Catalogado en:20140724 |k LIT | ||